Statistics for U.S. City Prefixes and Suffixes

Click here to take the quiz!

General Stats

  • This quiz has been taken 39,438 times
    (7,998 since last reset)
  • The average score is 18 of 31

Answer Stats

Prefix or Suffix Population City % Correct
Starts with "New"8,336,817New York City
96%
Starts with "Las" or "Los"3,979,576Los Angeles
95%
Starts with "San"881,549San Francisco
94%
Starts with "Las" or "Los"651,319Las Vegas
93%
Starts with "Saint"300,576Saint Louis
91%
Starts with "San"1,423,851San Diego
90%
Starts with "San"1,547,253San Antonio
81%
Starts with "San"1,021,795San Jose
77%
Starts with "Fort"909,585Fort Worth
75%
Ends with "Polis"876,384Indianapolis
73%
Ends with "Polis"429,606Minneapolis
71%
Ends with "Burgh"300,286Pittsburgh
71%
Starts with "New"390,144New Orleans
62%
Starts with "Grand"201,013Grand Rapids
61%
Ends with "Springs"478,221Colorado Springs
60%
Ends with "Beach"462,628Long Beach
54%
Starts with "Saint"308,096Saint Paul
54%
Ends with "Falls"183,793Sioux Falls
47%
Ends with "Beach"449,974Virginia Beach
45%
Ends with "Ville"911,507Jacksonville
44%
Starts with "Fort"182,437Fort Lauderdale
43%
Ends with "Land"654,741Portland
41%
Ends with "Ville"670,820Nashville
41%
Starts with "Fort"270,402Fort Wayne
38%
Starts with "Las" or "Los"103,432Las Cruces
32%
Ends with "Land"381,009Cleveland
31%
Starts with "Saint"265,351Saint Petersburg
29%
Starts with "South"102,026South Bend
29%
Ends with "Land"433,031Oakland
19%
Ends with "Falls"104,683Wichita Falls
12%
Ends with "Beach"199,223Huntington Beach
11%

Score Distribution

Percentile by Number Answered

Percent of People with Each Score

Your Score History

You have not taken this quiz since the last reset